Music Quiz

Random Music or Decade Quiz
Score 0/40 Timer 15:00
0 Plays Today
Question Answer Wrong Answers
Daylight come and me wan' go home Day-O (Banana Boat Song)
92.8%
Breathless
1.4%
Mona Lisa
0%
Running Scared
1.4%
Bop bopa-a-lu a whop bam boo Tutti-Frutti
91.3%
Rip It Up
1.4%
Tear It Up
1.4%
Bony Moronie
1.4%
Take out the papers and the trash Yakety Yak
91.3%
Little Queenie
1.4%
Wild One
1.4%
Sixteen Tons
1.4%
You know you make me wanna Shout
89.9%
School Days
4.3%
I Only Have Eyes For You
0%
The Wind
0%
But he could play a guitar just like a-ringin' a bell Johnny B. Goode
88.4%
Run Rudolph Run
5.8%
Mother-in-Law
1.4%
The Fat Man
1.4%
Well, I said come on over baby We got chicken in the barn Whole Lot of Shakin' Going On
88.4%
Fever
1.4%
Wheels
1.4%
Dust My Broom
4.3%
I keep a close watch on this heart of mine I Walk The Line
88.4%
I'm Walkin'
1.4%
He'll Have to Go
2.9%
Tennessee Waltz
2.9%
Why do birds sing so gay? And lovers await the break of day Why Do Fools Fall In Love
88.4%
Smoke Gets In Your Eyes
2.9%
Teddy Bear
2.9%
Will You Love Me Tomorrow
1.4%
Well they said you was high-class Well, that was just a lie Hound Dog
87%
That'll Be The Day
4.3%
Hoochie Coochie Man
1.4%
Money Honey
1.4%
The whole rhythm section was the Purple Gang Jailhouse Rock
87%
Rock Around The Clock
2.9%
Do You Want To Dance
1.4%
Jambalaya (On The Bayou)
4.3%
Well it's one for the money, two for the show Three to get ready, now go cat go Blue Suede Shoes
85.5%
Mary Lou
2.9%
La Bamba
4.3%
Linda Lu
1.4%
Well, you can rock it you can roll it Do the stomp and even stroll it At The Hop
82.6%
Long Tall Sally
4.3%
Love Potion No. 9
1.4%
Rock Island Line
7.2%
Each night I ask the stars up above A Teenager In Love
81.2%
I've Got You Under My Skin
4.3%
Chances Are
2.9%
Goodnite, Sweetheart, Goodnite
8.7%
I wonder, wonder who Book Of Love
81.2%
Young Blood
2.9%
Young Love
5.8%
Shop Around
5.8%
I hear the train a comin' It's rollin' 'round the bend Folsom Prison Blues
79.7%
Bye Bye Love
7.2%
Goin' Home
2.9%
El Paso
5.8%
Sometimes I wonder What I'm a-gonna do Summertime Blues
79.7%
It's So Easy
11.6%
Little Bitty Pretty One
2.9%
Rocket 88
2.9%
Oh, the shark, babe, has such teeth, dear Mack The Knife
79.7%
Money
1.4%
See You Later, Alligator
8.7%
Have Mercy Baby
5.8%
Take me by my little hand and go like this The Twist
79.7%
Don't Be Cruel
5.8%
Blueberry Hill
5.8%
Rockin' Around The Christmas Tree
2.9%
I'm gonna write a little letter Gonna mail it to my local DJ Roll Over Beethoven
78.3%
You're So Fine
4.3%
A Big Hunk O' Love
1.4%
Please Send Me Someone To Love
10.1%
Bing bang, I saw the whole gang Dancing on my living room rug Splish Splash
76.8%
Back In The U.S.A.
5.8%
Running Bear
2.9%
Three O'Clock Blues
8.7%
That fateful night the car was stalled upon the railroad track Teen Angel
75.4%
Chantilly Lace
0%
Earth Angel
15.9%
Raindrops
5.8%
Many a tear has to fall It's All In The Game
73.9%
Dedicated To The One I Love
10.1%
Smokey Joe's Cafe
2.9%
Blue Velvet
7.2%
They got some crazy little women there And I'm gonna get me one Kansas City
73.9%
Memphis, Tennessee
13%
Calcutta
2.9%
Travelin' Man
7.2%
You shake my nerves and you rattle my brain Great Balls Of Fire
73.9%
All Shook Up
17.4%
Lawdy Miss Clawdy
2.9%
Your Cheatin' Heart
1.4%
Heavenly shades of night are falling Twilight Time
72.5%
Sixteen Candles
0%
I Only Have Eyes For You
11.6%
Put Your Head on My Shoulder
13%
Fe fe fi fi fo fo fum I smell smoke in the auditorium Charlie Brown
72.5%
Poison Ivy
1.4%
Along Came Jones
5.8%
Alley Oop
14.5%
It's got a back beat, you can't lose it Rock And Roll Music
71%
Let The Good Times Roll
2.9%
Rock And Roll Is Here To Stay
13%
Rock-in Robin
8.7%
Every night I hope and pray Dream Lover
71%
Crazy For You
1.4%
All I Have To Do Is Dream
15.9%
Only the Lonely
7.2%
All of my love All of my kissin' You don't know what you've been a-missin' Oh Boy!
71%
Heartbreak Hotel
2.9%
There Goes My Baby
10.1%
Hey Good Lookin'
11.6%
Life could be a dream, sweetheart Sh-Boom
69.6%
Susie Q
4.3%
Wake Up Little Susie
13%
Donna
8.7%
Papa's in the icebox lookin' for a can of ale Jump, Jive An' Wail
68.1%
Dizzy Miss Lizzy
10.1%
Pony Time
10.1%
Bristol Stomp
7.2%
Well, the doctor and the lawyer and Indian chief They all dig that crazy beat Willie And The Hand Jive
62.3%
Shake, Rattle And Roll
29%
Itsy Bitsy Teenie Weenie Yellow Polka Dot Bikini
7.2%
Teardrops From My Eyes
0%
Do you remember when we met That's the day I knew you were my pet Sea Of Love
60.9%
I Fall to Pieces
5.8%
It's Only Make Believe
18.8%
My True Story
10.1%
From the early, early morning Till the early, early night Good Golly Miss Molly
60.9%
Treat Me Nice
5.8%
Tossin' and Turnin'
17.4%
Night Train
11.6%
I don't have plans and schemes And I don't have hopes and dreams Since I Don't Have You
60.9%
The Great Pretender
14.5%
Sad Movies (Make Me Cry)
7.2%
Lonely Boy
13%
I stop to see a weepin' willow Cryin' on his pillow Walking After Midnight
59.4%
Blue Moon Of Kentucky
15.9%
Where the Boys Are
1.4%
Crying In The Chapel
17.4%
I wanna jump but I'm afraid I'll fall I wanna holler but the joint's too small Rocking Pneumonia & the Boogie Woogie Flu
50.7%
Sweet Little Sixteen
4.3%
Reelin And Rocking
27.5%
Rebel Rouser
13%
I walk 47 miles of barbed wire I use a cobra-snake for a necktie Who Do You Love
46.4%
Handy Man
14.5%
Maybellene
11.6%
Stagger Lee
24.6%
Well, now, swing me, swing me, swing me, little darlin' Come On Let's Go
39.1%
What'd I Say
7.2%
Take Good Care of My Baby
7.2%
Little Darlin'
40.6%
Get along, creepy little woman Get along, well be on your way Get along The Train Kept-A-Rollin
30.4%
Runaway
10.1%
Hit the Road Jack
26.1%
Too Young
29%
Remove Ads.
Support Sporcle.
Get the best of Sporcle when you Go Orange. This ad-free experience offers more features, more stats, and more fun while also helping to support Sporcle. Thank you for becoming a member.

You're not logged in!

Compare scores with friends on all Sporcle quizzes.
OR
Log In

Show Comments

Extras

Top Quizzes Today


Score Distribution

Your Account Isn't Verified!

In order to create a playlist on Sporcle, you need to verify the email address you used during registration. Go to your Sporcle Settings to finish the process.

Report this User

Report this user for behavior that violates our Community Guidelines.

Details: